International encyclopedia of careers and vocational guidance (Record no. 2359)
[ view plain ]
| 000 -LEADER | |
|---|---|
| fixed length control field | 00459nam a2200169Ia 4500 |
| 001 - CONTROL NUMBER | |
| control field | 2049 |
| 008 - FIXED-LENGTH DATA ELEMENTS--GENERAL INFORMATION | |
| fixed length control field | 140314s9999 xx 000 0 und d |
| 020 ## - INTERNATIONAL STANDARD BOOK NUMBER | |
| International Standard Book Number | 8176496464 |
| 040 ## - CATALOGING SOURCE | |
| Transcribing agency | PK-LaUMT |
| 082 ## - DEWEY DECIMAL CLASSIFICATION NUMBER | |
| Classification number | R 331.702003 |
| Item number | INT- |
| 100 ## - MAIN ENTRY--PERSONAL NAME | |
| Personal name | Andrew Morkes |
| 245 ## - TITLE STATEMENT | |
| Title | International encyclopedia of careers and vocational guidance |
| Statement of responsibility, etc | Andrew Morkes |
| 250 ## - EDITION STATEMENT | |
| Edition statement | 12th |
| 260 ## - PUBLICATION, DISTRIBUTION, ETC. (IMPRINT) | |
| Place of publication, distribution, etc | New Delhi,India: |
| Name of publisher, distributor, etc | Viva Books Private Limited, |
| Date of publication, distribution, etc | 2004 |
| 501 ## - WITH NOTE | |
| With note | 4 |
| 942 ## - ADDED ENTRY ELEMENTS (KOHA) | |
| Koha item type | Books |
| Withdrawn status | Lost status | Source of classification or shelving scheme | Damaged status | Not for loan | Home library | Current library | Date acquired | Total Checkouts | Full call number | Barcode | Date last seen | Price effective from | Koha item type |
|---|---|---|---|---|---|---|---|---|---|---|---|---|---|
| Dewey Decimal Classification | UMT Main Campus | UMT Main Campus | 2014-03-14 | R 331.702003 INT- | 35645 | 2014-03-14 | 2014-03-14 | Books | |||||
| Dewey Decimal Classification | UMT Main Campus | UMT Main Campus | 2014-05-27 | R 331.702003 INT- | 35646 | 2014-05-27 | 2014-05-27 | Books | |||||
| Dewey Decimal Classification | UMT Main Campus | UMT Main Campus | 2014-05-27 | R 331.702003 INT- | 35647 | 2014-05-27 | 2014-05-27 | Books | |||||
| Dewey Decimal Classification | UMT Main Campus | UMT Main Campus | 2014-05-27 | R 331.702003 INT- | 35648 | 2014-05-27 | 2014-05-27 | Books |
